Online Catalogue and eLibrary

Communalism and the writing of Indian History (Record no. 3522)

MARC details
000 -LEADER
fixed length control field 00472nam a2200181Ia 4500
005 - DATE AND TIME OF LATEST TRANSACTION
control field 20250130050719.0
008 - FIXED-LENGTH DATA ELEMENTS--GENERAL INFORMATION
fixed length control field 240331s9999 xx 000 0 und d
020 ## - INTERNATIONAL STANDARD BOOK NUMBER
ISBN 8170070643
082 ## - DDC Classification
Item Number - Author Mark THA
Class No. 954
100 ## - MAIN ENTRY--PERSONAL NAME
Personal name Thaper, R
245 #0 - TITLE STATEMENT
Title Communalism and the writing of Indian History
260 ## - PUBLICATION, DISTRIBUTION, ETC.
Place of publication, distribution, etc. New Delhi
Name of publisher, distributor, etc. People's Publishing House Pvt Ltd
Date of publication, distribution, etc. 1987
300 ## - PHYSICAL DESCRIPTION
Extent (e.g. Volumes, Pages etc.) 61 p .,
650 ## - SUBJECT ADDED ENTRY--TOPICAL TERM
Topical term or geographic name entry element Indian History
650 ## - SUBJECT ADDED ENTRY--TOPICAL TERM
Topical term or geographic name entry element Modern India
650 ## - SUBJECT ADDED ENTRY--TOPICAL TERM
Topical term or geographic name entry element Communalism
942 ## - Koha item type (Biblio)
Koha item type Books in Stacks (Lending)
Holdings
Lost status Damaged status Collection code Home library Current library Shelving location Date acquired Full call number Accession Number Item type
    Lending WERC Library WERC Library Social Science Cupboard 03/31/2024 954 THA 3272 Books in Stacks (Lending)

© WERC Library